La artesanía de los muñecos llevada a la escuela (Record no. 179210)
[ view plain ]
| 000 -CABECERA | |
|---|---|
| campo de control de longitud fija | 01257nab a2200265 a 4500 |
| 005 - FECHA Y HORA DE LA ÚLTIMA TRANSACCIÓN | |
| campo de control | 20251205111005.0 |
| 008 - ELEMENTOS DE LONGITUD FIJA--INFORMACIÓN GENERAL | |
| campo de control de longitud fija | 991125c2013 sp ar p o 000 0 spa d |
| 035 ## - NÚMERO DE CONTROL DEL SISTEMA | |
| Número de control de sistema | UPN01000207109 |
| 040 ## - FUENTE DE LA CATALOGACIÓN | |
| Centro catalogador/agencia de origen | MX-MxUPN |
| Lengua de catalogación | spa |
| Centro/agencia transcriptor | MX-MxUPN |
| Normas de descripción | aacr2 |
| 049 ## - COLECCIÓN | |
| Colección | ART-E |
| 100 1# - ASIENTO PRINCIPAL--NOMBRE PERSONAL | |
| Nombre de persona | Moreno Moreno, Macarena |
| 100 1# - ASIENTO PRINCIPAL--NOMBRE PERSONAL | |
| Filiación | narecama13@yahoo.es |
| 245 13 - MENCIÓN DE TÍTULO | |
| Título | La artesanía de los muñecos llevada a la escuela |
| 506 0# - NOTA DE RESTRICCIONES AL ACCESO | |
| Limitaciones de acceso | Acceso abierto |
| 520 3# - NOTA DE RESUMEN, ETC. | |
| Sumario, etc. | Este artículo recoge la experiencia de llevar la práctica de la artesanía al aula. Realizamos muñecos y adornos de lana y fieltro en una escuela pública de Guadalajara con una artesana de la zona. Así mismo hacemos un recorrido por las artistas que trabajaron muñecos y por la importancia del trabajo con las manos y la dramatización en la educación. |
| 650 #2 - ASIENTO SECUNDARIO DE MATERIA - TERMINO TEMATICO | |
| Término de materia o nombre geográfico como elemento de entrada | Títeres y teatro de títeres |
| 9 (RLIN) | 20000 |
| 650 #2 - ASIENTO SECUNDARIO DE MATERIA - TERMINO TEMATICO | |
| Término de materia o nombre geográfico como elemento de entrada | Artesanías |
| 9 (RLIN) | 2069 |
| 653 0# - TERMINO DE INDIZACION - NO CONTROLADO | |
| Término no controlado | Dramatización |
| 653 0# - TERMINO DE INDIZACION - NO CONTROLADO | |
| Término no controlado | Experiencia en el aula |
| 773 ## - ENLACE AL DOCUMENTO FUENTE/ENTRADA DE REGISTRO ANFITRIÓN | |
| Parte(s) relacionada(s) | Vol. 8 (2013), p. 107-122 |
| Título | Arteterapia. Papeles papeles de arteterapia y educación artística para la inclusión social |
| Número Internacional Normalizado para Publicaciones Seriadas | 1988-8309 |
| 856 4# - LOCALIZACIÓN Y ACCESO ELECTRÓNICOS | |
| Identificador Uniforme del Recurso | <a href="https://revistas.ucm.es/index.php/ARTE/article/view/44440">https://revistas.ucm.es/index.php/ARTE/article/view/44440</a> |
| 902 ## - ELEMENTOS DE DATOS B LOCAL, LDB (RLIN) | |
| Creó | Gloria Jiménez/121125 |
| 905 ## - TIPO DE MATERIAL | |
| Tipo de material | Articulo |
| 942 ## - ELEMENTOS DE PUNTO DE ACCESO ADICIONAL (KOHA) | |
| Tipo de ítem Koha | Artículo Electrónico |
| Estado de retiro | Estado de pérdida | Estado dañado | No para préstamo | Código de colección | Localización permanente | Ubicación/localización actual | Ubicación en estantería | Fecha de adquisición | Total de préstamos | Fecha visto por última vez | Identificador Uniforme del Recurso | Precio válido a partir de | Tipo de ítem Koha |
|---|---|---|---|---|---|---|---|---|---|---|---|---|---|
| Acceso abierto | Bib. Gregorio Torres Quintero | Bib. Gregorio Torres Quintero | En línea | 12/11/2025 | 12/11/2025 | https://revistas.ucm.es/index.php/ARTE/article/view/44440 | 12/11/2025 | Artículo Electrónico |
